00612 2200193 4500001002100000008004100021035002000062245008800082100001900170260004200189300002700231020002200258084001600280520004300296520003500339082001000374650002200384990001200406INLIS000000000016088 ind  a0010-0423000105 aSi Genius Sains 5: Mengelilingi Tata SuryacShin Tae Hoon;Penyunting,Damar Sasongko aSHIN, Tae Hoon aJakarta :bBhuana ilmu Populer,c2019 a175 hlm.:ilus.c25 cm. a978-623-216-353-9 a741.5 SHI s aJudul asli:Don't Give Up On Science# 5 apengalih bahasa, Ria Febriyani a741.5 aKOMIK. PENDIDIKAN a10917 a